Welcome to CU Library Online Public Access Catalogue (OPAC)

Numerical methods for engineers : (Record no. 8437)

MARC details
000 -LEADER
fixed length control field 01128cam a2200277 a 4500
001 - CONTROL NUMBER
control field 12345506
005 - DATE AND TIME OF LATEST TRANSACTION
control field 20251129134801.0
008 - FIXED-LENGTH DATA ELEMENTS--GENERAL INFORMATION
fixed length control field 010313s2002 maua b 001 0 eng
020 ## - INTERNATIONAL STANDARD BOOK NUMBER
International Standard Book Number 0072431938
Qualifying information alk. paper
020 ## - INTERNATIONAL STANDARD BOOK NUMBER
International Standard Book Number 9780072431933
Qualifying information (alk. paper)
050 00 - LIBRARY OF CONGRESS CALL NUMBER
Classification number TA345
Item number .C47 2002
082 00 - DEWEY DECIMAL CLASSIFICATION NUMBER
Classification number 519.4/024/62
Edition information 21
100 1# - MAIN ENTRY--PERSONAL NAME
Personal name Chapra, Steven C.
245 10 - TITLE STATEMENT
Title Numerical methods for engineers :
Remainder of title with software and programming applications /
Statement of responsibility, etc. Steven C. Chapra, Raymond P. Canale.
250 ## - EDITION STATEMENT
Edition statement 4th ed.
260 ## - PUBLICATION, DISTRIBUTION, ETC.
Place of publication, distribution, etc. Boston :
Name of publisher, distributor, etc. McGraw-Hill,
Date of publication, distribution, etc. c2002.
300 ## - PHYSICAL DESCRIPTION
Extent xviii, 926 p. :
Other physical details ill. (some col.) ;
Dimensions 24 cm.
650 #0 - SUBJECT ADDED ENTRY--TOPICAL TERM
Topical term or geographic name entry element Engineering mathematics
General subdivision Data processing.
650 #0 - SUBJECT ADDED ENTRY--TOPICAL TERM
Topical term or geographic name entry element Numerical calculations
General subdivision Data processing.
650 #0 - SUBJECT ADDED ENTRY--TOPICAL TERM
Topical term or geographic name entry element Microcomputers
General subdivision Programming.
700 1# - ADDED ENTRY--PERSONAL NAME
Personal name Canale, Raymond P.
856 42 - ELECTRONIC LOCATION AND ACCESS
Materials specified Contributor biographical information
Uniform Resource Identifier <a href="http://www.loc.gov/catdir/bios/mh042/2001030654.html">http://www.loc.gov/catdir/bios/mh042/2001030654.html</a>
856 42 - ELECTRONIC LOCATION AND ACCESS
Materials specified Publisher description
Uniform Resource Identifier <a href="http://www.loc.gov/catdir/description/mh021/2001030654.html">http://www.loc.gov/catdir/description/mh021/2001030654.html</a>
856 41 - ELECTRONIC LOCATION AND ACCESS
Materials specified Table of contents
Uniform Resource Identifier <a href="http://www.loc.gov/catdir/toc/mh021/2001030654.html">http://www.loc.gov/catdir/toc/mh021/2001030654.html</a>
942 ## - ADDED ENTRY ELEMENTS (KOHA)
Source of classification or shelving scheme Library of Congress Classification
Koha item type Books
Edition 4th ed.
Suppress in OPAC No
999 ## -
-- 8437
-- 8437
Holdings
Withdrawn status Lost status Source of classification or shelving scheme Damaged status Not for loan Collection Home library Current library Shelving location Date acquired Total checkouts Full call number Barcode Date last seen Copy number Price effective from Koha item type
    Library of Congress Classification     Non-fiction Science Library (Miotso) Science Library (Miotso) General stacks 11/29/2025   TA345 .C47 CHA SLM00006404 11/29/2025 1 11/29/2025 Books
© 2023-2024 Copyright: Central University Libraries. All Rights Reserved | Created by: Mahone Tech Office